00211 2200085 4500990002500000990002500025990002500050990002500075990002500100 a00502993/DPKBWI/2018 a00502990/DPKBWI/2018 a00502991/DPKBWI/2018 a00502992/DPKBWI/2018 a00502994/DPKBWI/2018